Scottish Cup finalists - Statistics

General Stats
  • This quiz has been taken 48 times
  • The average score is 21 of 34
Answer Stats
Number of cups won Club % Correct
42 Celtic
100%
34 Rangers
100%
7 Aberdeen
98%
1 Dundee
98%
2 Dundee United
95%
8 Heart of Midlothian
93%
3 Hibernian
93%
1 Inverness Caledonian Thistle
90%
2 Motherwell
90%
3 Kilmarnock
83%
3 St Mirren
80%
2 St. Johnstone
78%
10 Queen's Park
76%
2 Dunfermline
71%
2 Falkirk
71%
1 East Fife
66%
0 Hamilton Academical
63%
3 Clyde
61%
1 Morton
61%
0 Ross County
61%
0 Raith Rovers
59%
1 Dumbarton
56%
1 Partick Thistle
56%
2 Third Lanark
56%
0 Queen of the South
54%
1 Airdrieonians
51%
0 Gretna
46%
0 Albion Rovers
32%
3 Vale of Leven
22%
2 Renton
12%
1 St. Bernard's
12%
0 Cambuslang
10%
0 Clydesdale
2%
0 Thornliebank
0%
No matching quizzes found
Score Distribution
Percent of People with Each Score
Percentile by Number Answered
Your Score History
You have not taken this quiz